| 000 | 01256cam a22002653a 4500 | ||
|---|---|---|---|
| 001 | 10060 | ||
| 003 | PGUSA | ||
| 005 | 20140828083219.0 | ||
| 008 | 031101s2003||||xxu|||||s|||||000 e eng d | ||
| 040 |
_aPGUSA _beng |
||
| 042 | _adc | ||
| 050 | 4 | _aQ | |
| 100 | 1 |
_aHuxley, Thomas Henry, _d1825-1895 |
|
| 245 | 1 | 0 |
_aDiscourses : _bBiological and Geological : Essays _h[electronic resource] / _cThomas Henry Huxley |
| 260 |
_bProject Gutenberg, _c2003 |
||
| 505 | 0 | _aOn a piece of chalk (1868) -- The problems of the deep sea (1873) -- On some of the results of the expedition of H.M.S. "Challenger" (1875) -- Yeast (1871) -- On the formation of coal (1870) -- On the border territory between the animal and the vegetable kingdoms (1876) -- A lobster; or, The study of zoology (1861) -- Biogenesis and abiogenesis (1870) -- Geological contemporaneity and persistent types of life (1862) -- Geological reform (1869) -- Palaeontology and the doctrine of evolution (1870). | |
| 506 | _aPublic domain in the USA. | ||
| 516 | _aElectronic text | ||
| 653 | _aBiology | ||
| 653 | _aGeology | ||
| 740 | 0 | _aDiscourses: Biological and Geological Essays | |
| 830 | 0 |
_aProject Gutenberg _v10060 |
|
| 856 | 4 | 0 | _uhttp://www.gutenberg.org/ebooks/10060 |
| 942 | _cEB | ||
| 999 |
_c239315 _d239315 |
||